Hóa học và đời sống = Chemistry in the community
Shranjeno v:
| Glavni avtor: | |
|---|---|
| Format: | Knjiga |
| Jezik: | Undetermined |
| Izdano: |
Tp. HCM
Trẻ
2002
|
| Teme: | |
| Oznake: |
Označite
Brez oznak, prvi označite!
|
| Thư viện lưu trữ: | Trung tâm Học liệu Trường Đại học Cần Thơ |
|---|
| LEADER | 00562nam a2200181Ia 4500 | ||
|---|---|---|---|
| 001 | CTU_47334 | ||
| 008 | 210402s9999 xx 000 0 und d | ||
| 082 | |a 612.015 | ||
| 082 | |b A512/T8 | ||
| 100 | |a American chemical Society | ||
| 245 | 0 | |a Hóa học và đời sống | |
| 245 | 0 | |b = Chemistry in the community | |
| 245 | 0 | |c American chemical Society; Dịch giả: Nguyễn Văn Sang | |
| 260 | |a Tp. HCM | ||
| 260 | |b Trẻ | ||
| 260 | |c 2002 | ||
| 650 | |a biochemistry,human physiology | ||
| 980 | |a Trung tâm Học liệu Trường Đại học Cần Thơ | ||